header

Constructing test items (Record no. 65507)

MARC details
000 -LEADER
fixed length control field 01358nam a2200325 a 4500
082 04 - DEWEY DECIMAL CLASSIFICATION NUMBER
Classification number 371.26/1
100 1# - MAIN ENTRY--AUTHOR NAME
Personal name Osterlind, Steven J.
245 10 - TITLE STATEMENT
Title Constructing test items
250 ## - EDITION STATEMENT
Edition statement 2nd ed.
260 ## - PUBLICATION, DISTRIBUTION, ETC. (IMPRINT)
Place of publication Boston :
Name of publisher Kluwer Academic Publishers,
Year of publication c1998.
300 ## - PHYSICAL DESCRIPTION
Number of Pages vii, 339 p. :
Other physical details ill.
490 1# - SERIES STATEMENT
Series statement Evaluation in education and human services
650 #0 - SUBJECT ADDED ENTRY--TOPICAL TERM
Topical Term Examinations
856 40 - ELECTRONIC LOCATION AND ACCESS
Uniform Resource Identifier http://site.ebrary.com/lib/rucke/Doc?id=10052638

No items available.

© 2026 Rongo University
Contact us: librarian | system librarian | Rongo university